| 000 | 01226nam a2200301 4500 | ||
|---|---|---|---|
| 005 | 20180803170308.0 | ||
| 008 | 160608b2015 ck ad|||r|||| 00| 0 spa d | ||
| 020 | _a9789588370538 | ||
| 040 |
_aCO-BoIAVH _cCO-BoIAVH |
||
| 041 | 0 | _aspa | |
| 044 | _ack | ||
| 082 | 0 | 4 |
_a333.75068 _bM84s |
| 100 | 1 |
_aMoreno-Orjuela, Rubén Darío _eautor |
|
| 245 | 1 | 0 |
_aSistema de aseguramiento de la legalidad de la madera / _cRubén Darío Moreno Orjuela [y otros 4] |
| 260 |
_aBogotá : _bCorporación Autónoma Regional de Risaralda, _c[2015?] . |
||
| 300 |
_a46 páginas : _bilustraciones, tablas y gráficas ; _c23 x 21 cm. |
||
| 504 | _aIncluye referencias bibliográficas. | ||
| 650 | 1 | 6 | _aRecursos forestales |
| 650 | 2 | 6 |
_aRecursos forestales _xcomercialización |
| 650 | 2 | 6 | _aControl ambiental |
| 650 | 2 | 6 |
_aControl ambiental _xlegislación forestal |
| 700 | 1 |
_aVillota Echeverri, Nelson _eautor |
|
| 700 | 1 |
_aMarín Montoya, Juan Diego _eautor |
|
| 700 | 1 |
_aZuñiga Gallego, Julian Katherine _eautora |
|
| 700 | 1 |
_aGutiérrez Rodríguez, Ediesummer _eautor |
|
| 710 | 2 | _aCorporación Autónoma Regional de Risaralda -CARDER | |
| 942 |
_2ddc _cLIBRO |
||
| 999 |
_c18773 _d18773 |
||